Historia del mundo (Record no. 64167)
[ view plain ]
| 000 -LEADER | |
|---|---|
| campo de control de longitud fija | 01027nam a2200229 i 4500 |
| 001 - NÚMERO DE CONTROL | |
| campo de control | 64167 |
| 003 - IDENTIFICADOR DE NÚMERO DE CONTROL | |
| campo de control | ES-MaACL |
| 005 - FECHA Y HORA DE LA ÚLTIMA TRANSACCIÓN | |
| campo de control | 20250910213556.0 |
| 007 - CAMPO FIJO DE DESCRIPCIÓN FÍSICA--INFORMACIÓN GENERAL | |
| campo de control de longitud fija | t| |
| 008 - DATOS DE LONGITUD FIJA--INFORMACIÓN GENERAL | |
| campo de control de longitud fija | 031222s1945 sp ab |||| | spa d |
| 100 1# - ENTRADA PRINCIPAL--NOMBRE DE PERSONA | |
| Nombre de persona | Flenley, R. |
| 9 (RLIN) | 51179 |
| 245 10 - MENCIÓN DEL TÍTULO | |
| Título | Historia del mundo |
| Resto del título | : el desarrollo de la civilización occidental / |
| Mención de responsabilidad, etc. | R. Flenley, W.N. Weech ; [traducción por Juan G. de Luaces ; revisada por Enrique Bagué]. |
| 250 ## - MENCION DE EDICION | |
| Mención de edición | 1ª ed. |
| 260 ## - PUBLICACIÓN, DISTRIBUCIÓN, ETC. | |
| Lugar de publicación, distribución, etc. | Barcelona : |
| Nombre del editor, distribuidor, etc. | Iberia : |
| -- | Joaquín Gil, |
| Fecha de publicación, distribución, etc. | [1945] ( |
| Fabricante | Agustín Núñez) |
| 300 ## - DESCRIPCIÓN FÍSICA | |
| Extensión | 2 v., 54 lám., map. : |
| Otras características físicas | il. ; |
| Dimensiones | 24 cm. |
| 505 8# - NOTA DE CONTENIDO CON FORMATO | |
| Nota de contenido con formato | Contiene: I ; |
| Título | De los principios de la civilización a fines de la Edad Media (XII, 409 p., 30 lám., 3 map. col. pleg.) - II ; |
| -- | De la época del Renacimiento a los tiempos actuales (VII, 371 p., 24 lám., 4 map., 1 h. col. pleg.) |
| 650 #7 - PUNTO DE ACCESO ADICIONAL DE MATERIA--TÉRMINO DE MATERIA | |
| Término de materia o nombre geográfico como elemento de entrada | Historia universal |
| Fuente del encabezamiento o término | embne |
| 9 (RLIN) | 13429 |
| 700 1# - ENTRADA AGREGADA--NOMBRE PERSONAL | |
| Nombre de persona | Luaces, Juan G. de. |
| 9 (RLIN) | 74483 |
| 700 1# - ENTRADA AGREGADA--NOMBRE PERSONAL | |
| Nombre de persona | Bagué, Enric, |
| Fechas asociadas al nombre | 1900-1987 |
| 9 (RLIN) | 161547 |
| 852 ## - LOCALIZACIÓN | |
| Ubicación | ES-MaACL |
| Número de control de estantería | C-5262-63 |
| Estatus retirado | Estado de pérdida | Estado de daño | No para préstamo | Biblioteca de origen | Biblioteca actual | Ubicación en estantería | Fecha de adquisición | Fuente de adquisición | Total de préstamos | Signatura topográfica completa | Código de barras | Visto por última vez | Precio de reemplazo | Tipo de ítem Koha |
|---|---|---|---|---|---|---|---|---|---|---|---|---|---|---|
| Biblioteca del Ateneo de Madrid | Biblioteca del Ateneo de Madrid | Sala Palomar | 17/01/2008 | C-5262-63 | 1067245 | 23/02/2023 | 23/02/2023 | Libro impreso |
